LEADER 01765nam 2200565Ia 450 001 9910457615203321 005 20200520144314.0 010 $a0-8078-6923-6 035 $a(CKB)2550000000049145 035 $a(OCoLC)754582761 035 $a(CaPaEBR)ebrary10502581 035 $a(SSID)ssj0000540851 035 $a(PQKBManifestationID)11390997 035 $a(PQKBTitleCode)TC0000540851 035 $a(PQKBWorkID)10506331 035 $a(PQKB)10235056 035 $a(MiAaPQ)EBC775303 035 $a(Au-PeEL)EBL775303 035 $a(CaPaEBR)ebr10502581 035 $a(CaONFJC)MIL930036 035 $a(EXLCZ)992550000000049145 100 $a20110211d2011 ub 0 101 0 $aeng 135 $aurcn||||||||| 181 $ctxt 182 $cc 183 $acr 200 10$aRethinking aging$b[electronic resource] $egrowing old and living well in an overtreated society /$fNortin M. Hadler 210 $aChapel Hill $cUniversity of North Carolina Press$dc2011 215 $a1 online resource (273 p.) 300 $aBibliographic Level Mode of Issuance: Monograph 311 $a1-4696-5210-2 311 $a0-8078-3506-4 320 $aIncludes bibliographical references and index. 606 $aOlder people$xMedical care$zUnited States 606 $aOlder people$zUnited States$xPsychology 606 $aHealth behavior$zUnited States 608 $aElectronic books. 615 0$aOlder people$xMedical care 615 0$aOlder people$xPsychology. 615 0$aHealth behavior 676 $a362.1084/6 700 $aHadler$b Nortin M$0883200 801 0$bMiAaPQ 801 1$bMiAaPQ 801 2$bMiAaPQ 906 $aBOOK 912 $a9910457615203321 996 $aRethinking aging$91972860 997 $aUNINA LEADER 03039oam 2200601 c 450 001 9910563187203321 005 20250513224735.0 024 7 $a10.3726/b13933 035 $a(CKB)5450000000174099 035 $a(oapen)https://directory.doabooks.org/handle/20.500.12854/30336 035 $a(PH02)9783631754153 035 $a(oapen)doab30336 035 $a(EXLCZ)995450000000174099 100 $a20240525h20181999 uy 0 101 0 $ager 135 $aurnnunnnannuu 181 $ctxt$2rdacontent 182 $cc$2rdamedia 183 $acr$2rdacarrier 200 04$aDie Deregulierungswirkungen der europäischen Integration$eDas Beispiel der Sondermärkte$fIngo Schmidt, Margit Ströbele 205 $a1st, New ed. 210 $aFrankfurt a.M$cPH02$d2018 210 $d2018, c1999 215 $a1 online resource (353 p.)$c, EPDF 225 0 $aHohenheimer volkswirtschaftliche Schriften$v34 300 $aPeter Lang GmbH, Internationaler Verlag der Wissenschaften 311 08$a3-631-75415-9 327 $aAus dem Inhalt: Ordnungspolitische Ausgestaltung der europa?ischen Integrationspolitik - Evolution von Systemen - Verkehrswirtschaft - Agrarwirtschaft - Finanzwirtschaft - Energieversorungswirtschaft - Telekommunikationswirtschaft - Entsorgungswirtschaft. 330 $aDie europa?ische Integration unterlag immer dem Anspruch der Deregulierung. Inwieweit sie dem gerecht wird, ist nicht umfassend gekla?rt. In dieser Arbeit wird die Politik der EU in sechs Branchenanalysen untersucht: Verkehr-, Agrar-, Finanz- und Energieversorgungswirtschaft sowie Telekommunikations- und Entsorgungswirtschaft. Der erste Teil geht auf die theoretischen Grundlagen von optimalem Regulierungsgrad, Kompetenzverteilung und politischer Einflußnahme ein. Anschließend wird die tatsa?chliche Ausgestaltung dieser theoretischen Konstrukte anhand der europa?ischen Integrationspolitik im Bereich der Sonderma?rkte ausgefu?hrt. Im letzten Teil werden die Ergebnisse zusammengefu?hrt und die These gepru?ft, inwieweit institutioneller Wandel die Optimalita?t politischer und o?konomischer Entscheidungen gewa?hrleisten kann. 517 $aDeregulierungswirkungen der europaeischen Integration 606 $aComparative politics$2bicssc 606 $aEconomic systems & structures$2bicssc 606 $aAgriculture & related industries$2bicssc 610 $aBeispiel 610 $aDeregulierungswirkungen 610 $aEUROP 610 $aeuropäischen 610 $aINTEGRAT 610 $aIntegration 610 $aSondermärkte 610 $aStröbele 615 7$aComparative politics 615 7$aEconomic systems & structures 615 7$aAgriculture & related industries 700 $aStröbele$b Margit$4auth$01298382 702 $aSchmidt$b Ingo$4edt 702 $aStro?bele$b Margit$4aut 801 0$bPH02 801 1$bPH02 906 $aBOOK 912 $a9910563187203321 996 $aDie Deregulierungswirkungen der europa?ischen Integration$94174439 997 $aUNINA